000 00707nam a2200265Ia 4500
005 20260302115904.0
008 008 260114s9999 xx 000 0 eng d
020 _a9798400699726
037 _aTextbook
040 _aCRL
040 _beng
040 _cCRL
041 _2eng
041 _aeng
084 _qCRL
100 _aMichael Feldberg, Howard S. Cohen, Monica M. Moll
_91122979
245 0 _aPower and Restraint The Moral Dimensions of Police Work
260 _bBloomsbury
260 _bPraeger
260 _c2021
650 _aLaw
856 _uhttps://doi.org/10.5040/9798400699726?locatt=label:secondary_bloomsburyCollections
942 _cEBOOK
999 _c1687817
_d1687817